000 00454 a2200157 4500
003 OSt
005 20231218120124.0
008 231218b |||||||| |||| 00| 0 eng d
040 _coclc
082 _a891.433
_bPAR/T
100 _aParsai, Harishankar
_910157
245 _aTAKT KI KHOJ /
_cHarishankar Parsai
260 _aNew Delhi:
_bVani Prakashan,
_c2005.
300 _a107p
942 _2ddc
_cBK
_h891.433
_iPAR/T
_k891.433
_mPAR/T
999 _c43457
_d43457